000 00261nam a22001217a 4500
082 _a823
_bRAJ/R
100 _aRAJA, SUNDARA
245 _aREFLECTIONS
260 _aCALICUT
_bUNIVERSITY PRESS
_c1998
300 _a71
650 _aENGLISH STORY
_zINDIA
942 _cBK
999 _c7386
_d7386